| 000 -NÁVESTIE |
| fixed length control field |
00463nam a2200169 a 4500 |
| 008 - ÚDAJE S PEVNOU DĹŽKOU – VŠEOBECNÉ INFORMÁCIE |
| fixed length control field |
971103s1997 xo a r y 0 slo c |
| 020 ## - MEDZINÁRODNÉ ŠTANDARDNÉ ČÍSLO KNIHY (ISBN) |
| Medzinárodné štandardné číslo knihy (ISBN) |
8088824540 |
| Údaje o dostupnosti |
Dar |
| 040 ## - ZDROJ KATALOGIZÁCIE |
| Pôvodná katalogizujúca agentúra |
SNK |
| Jazyk katalogizácie |
slo |
| Prepisujúca agentúra |
SNK |
| Konvencie popisu |
AACR2 |
| 044 ## - KÓD KRAJINY VYDAVATEĽA/PRODUCENTA |
| Kód krajiny MARC |
xo |
| Kód krajiny ISO |
SK |
| 080 ## - ČÍSLO MEDZINÁRODNÉHO DESATINNÉHO TRIEDENIA (MDT) |
| Číslo Medzinárodného desatinného triedenia (MDT) |
616.12-073.97(035) |
| 100 1# - OSOBNÉ MENÁ – VŠEOBECNÉ INFORMÁCIE |
| Osobné meno |
Farský, Štefan |
| 245 10 - NÁZOV |
| Názov |
EKG do vrecka |
| Údaj o zodpovednosti atď. |
Štefan Farský |
| 260 ## - VYDAVATEĽSKÉ ÚDAJE, DISTRIBÚCIA ATĎ. |
| Miesto publikovania, distribúcie atď. |
Martin |
| Názov vydavateľa, distibútora atď. |
Osveta |
| Dátum publikovania, distribúcie atď. |
c1997 |
| 300 ## - FYZICKÝ POPIS |
| Rozsah |
103 s. |
| Ďalšie fyzické detaily |
grafy |
| Rozmery |
18 cm |
| 650 07 - PRIDANÝ VSTUP – PREDMET – TEMATICKÉ HESLO |
| Tematické heslo alebo geografický názov ako vstupný prvok |
elektrokardiografia |
| Všeobecný pododdiel |
príručky |
| Zdroj hesla alebo termínu |
SNK |
| 958 ## - Formálny deskriptor |
| Formálny deskriptor |
APP |